Zpovědi českého Američana /

Hlavní autor: Kolowrat, Ernest, 1935-
Další autoři: Staňková, Marta, 1927-2012
Jazyk: Čeština
Angličtina
Vydáno: Praha : Český spisovatel, 1995
Vydání: Vyd. 1.
Témata:
Fyzický popis: 226 s. ; 20 cm
Knihy
Uloženo v:
LEADER 01290nam a2200349 a 4500
001 000019677
003 CZ BrMZK
005 20191011141058.0
007 ta
008 950313s1995 xr f cze d
015 |a cnb000105990 
020 |a 80-202-0556-X 
040 |a BOA001  |b cze 
041 1 |a cze  |a eng 
080 |a 929.52 Kolowrat  |2 MRF 
080 |a 885.0-94  |2 MRF 
100 1 |a Kolowrat, Ernest,  |d 1935-  |7 jn19990010086  |4 aut  |4 trl 
245 1 0 |a Zpovědi českého Američana /  |c Ernest Kolowrat ; přeložila Marta Staňková ve spolupráci s Ernestem Kolowratem 
250 |a Vyd. 1. 
260 |a Praha :  |b Český spisovatel,  |c 1995 
300 |a 226 s. ;  |c 20 cm 
653 0 |a Kolowrat, Ernest 1935-  |a česká šlechta  |a čeští šlechtici  |a Kolowrat(rod) 
700 1 |a Staňková, Marta,  |d 1927-2012  |7 jk01120882  |4 trl 
910 |a BOA001  |b 1-1008.145  |b PK-0122.818 
920 |a 000020394 
962 |a 885.0-94 
962 |a 929.5 
964 |a MacCallum  |b Barbara  |f 1935-  |x vzpomínky vlastní 
964 |a MacCarthy Sears  |b Ruth  |x vyprávění 
990 |a BK 
996 6 |b 2610020257  |c 1-1008.145  |l MZK  |r Sklad / do 1 hodiny  |n 6  |p p.v.  |w 000019677  |u 000010  |a 1  |e BOA001  |j MZK50  |s P 
996 7 |b 3119000237  |c PK-0122.818  |l MZK  |r Sklad / do 1 hodiny  |n 6  |p kup  |w 000019677  |u 000020  |a 1  |e BOA001  |j MZK50  |s A